| 000 | 00772nam a2200229 a 4500 | ||
|---|---|---|---|
| 001 | 40056 | ||
| 003 | BD-RjUL | ||
| 005 | 20211209053127.0 | ||
| 008 | 161127m19761963bg ||||| |||| 00| 0 ben d | ||
| 020 | _c: Tk.4.00 | ||
| 035 | _a(BD-RjUL)40171 | ||
| 040 |
_aBD-RjUL _bben _cBD-RjUL |
||
| 041 | _aben | ||
| 082 |
_223 _a891.442 _bMIS 1976 |
||
| 100 |
_aমিত্র, কল্যাণ _9123355 |
||
| 245 | 1 | 0 |
_aশুভ-বিবাহ / _cকল্যাণ মিত্র |
| 260 |
_aবগুড়া : _bসাহিত্য কুটির, _c১৯৬৩ [মুদ্রণ ১৯৭৬] |
||
| 300 |
_a[৬] ১২৩ পৃ. ; _c১৮ সেমি. |
||
| 650 |
_aবাংলা নাটক _9123356 |
||
| 650 |
_aBengali Drama _9117910 |
||
| 942 |
_2ddc _cBK |
||
| 999 |
_c40056 _d40056 |
||